000 00796nam a2200265Ia 4500
003 OSt
005 20260217142817.0
008 210210b2010 xxu||||| |||| 00| 0 eng d
020 _a9788183614078
040 _cAL
041 _aHindi
082 _aH891.9 MISH
100 _aMISHR (Bhagirath)
_dमिश्रा (भगीरथ)
_9255279
245 _aHindi sahity ka parichayatmak itihas
_b हिंदी साहित्य का परिचयात्मक इतिहास
260 _aNayi Dilli
_bRadhakrashn
_c2010
300 _a180
650 _asahity
_9255280
650 _aparichayatmak
_9255281
650 _aka
_9255282
650 _aitihas
_9255283
650 _aHindi
_9255284
690 _aHindi Literature
_9255285
906 _a070664
942 _2ddc
_cBK
999 _c120132
_d120132